Operations research : An introduction (Record no. 207447)
[ view plain ]
| 000 -LEADER | |
|---|---|
| fixed length control field | 00441nam a2200181Ia 4500 |
| 008 - FIXED-LENGTH DATA ELEMENTS--GENERAL INFORMATION | |
| fixed length control field | 231221s9999 xx 000 0 und d |
| 041 ## - LANGUAGE CODE | |
| Language code of text/sound track or separate title | English |
| 082 ## - DEWEY DECIMAL CLASSIFICATION NUMBER | |
| Classification number | 001.424 TAH; |
| 100 ## - MAIN ENTRY--PERSONAL NAME | |
| Personal name | Taha, Hamdy A. |
| 245 #0 - TITLE STATEMENT | |
| Title | Operations research : An introduction |
| 250 ## - EDITION STATEMENT | |
| Edition statement | 6th ed. |
| 260 ## - PUBLICATION, DISTRIBUTION, ETC. | |
| Date of publication, distribution, etc. | 1997 |
| Name of publisher, distributor, etc. | New Delhi : PHI, |
| 300 ## - PHYSICAL DESCRIPTION | |
| Extent | xx+916 |
| 300 ## - PHYSICAL DESCRIPTION | |
| Dimensions | 11480 |
| 500 ## - GENERAL NOTE | |
| General note | SC ST (509) |
| 650 ## - SUBJECT ADDED ENTRY--TOPICAL TERM | |
| Topical term or geographic name entry element | Operations research |
| 942 ## - ADDED ENTRY ELEMENTS (KOHA) | |
| Koha item type | Floppies |
| Date last seen | Total checkouts | Full call number | Accession number | Price effective from | Category | Lost status | Damaged status | Department | Withdrawn status | Home library | Current library | Shelving location | Entry date | Grants | Billnumber | Billdate | Currency symbol | Conversion rate | Discount | Old discount |
|---|---|---|---|---|---|---|---|---|---|---|---|---|---|---|---|---|---|---|---|---|
| 26/01/2024 | 001.424 TAH; | FP260 | 26/01/2024 | Floppies | Central Library | Central Library | Central Library | SC-ST | SC-ST | 177 97-98 | 21/06/2010 | RS | 1 | |||||||
| 26/01/2024 | 001.424 TAH;37 | FP280 | 26/01/2024 | Floppies | Central Library | Central Library | Central Library | SC-ST | SC-ST | 124 | 21/06/2010 | RS | 1 | |||||||
| 26/01/2024 | 001.424 THA;36 | FP281 | 26/01/2024 | Floppies | Central Library | Central Library | Central Library | SC-ST | SC-ST | 124 | 21/06/2010 | RS | 1 |
